ბათუმის შოთა რუსთაველის სახელმწიფო უნივერსიტეტის ბიბლიოთეკა

Сварные конструкции. Расчет и проектирование. (ბიბ.ჩანაწერი № 37374)

000 -LEADER
fixed length control field 00678nam a2200229Ia 4500
001 - CONTROL NUMBER
control field 3333
003 - CONTROL NUMBER IDENTIFIER
control field GE_BSU
008 - FIXED-LENGTH DATA ELEMENTS--GENERAL INFORMATION
fixed length control field 181216s||||||||xx |||||||||||||| ||und||
020 ## - INTERNATIONAL STANDARD BOOK NUMBER
International Standard Book Number 5060015556
040 ## - CATALOGING SOURCE
Transcribing agency GE_BSU
080 ## - UNIVERSAL DECIMAL CLASSIFICATION NUMBER
Universal Decimal Classification number 621.95
100 ## - MAIN ENTRY--PERSONAL NAME
Personal name Николаев,Г.А. Винокуров,В.А.
245 ## - TITLE STATEMENT
Title Сварные конструкции. Расчет и проектирование.
245 ## - TITLE STATEMENT
Remainder of title Учебник для вузов.
245 ## - TITLE STATEMENT
Statement of responsibility, etc. Ред. Г.А.Николаев.
260 ## - PUBLICATION, DISTRIBUTION, ETC.
Place of publication, distribution, etc. М.
260 ## - PUBLICATION, DISTRIBUTION, ETC.
Name of publisher, distributor, etc. Высш. шк.
260 ## - PUBLICATION, DISTRIBUTION, ETC.
Date of publication, distribution, etc. 1990.
300 ## - PHYSICAL DESCRIPTION
Extent 446 стр. 23 см. с илл.
653 ## - INDEX TERM--UNCONTROLLED
Uncontrolled term Сварные конструкции.
942 ## - ADDED ENTRY ELEMENTS (KOHA)
Koha item type წიგნი
ეგზემპლარები
Withdrawn status Lost status Damaged status Not for loan Date acquired Barcode Date last seen Price effective from Koha item type
        2018-12-17 10054 2018-12-17 2018-12-17 წიგნი